| 000 | 01125njm a22002657a 4500 | ||
|---|---|---|---|
| 005 | 20100908160510.0 | ||
| 006 | a|||||r|||||00| 0 | ||
| 007 | sd ammalaaahaa | ||
| 008 | 100830t xxu||||| |||| 00| 0 eng d | ||
| 028 |
_aN.54764 _bHis Master's Voice |
||
| 035 | _aGR-01321 | ||
| 040 |
_aSED _cSED |
||
| 100 |
_aMangeshkar, Lata _918698 |
||
| 245 |
_aYaadein / _csung by Lata Mangeshkar; Music dtn by Vasant Desai; Lyric by Anand Bakshi _h[sound recording]: |
||
| 246 | _aयादें / | ||
| 260 |
_aDum Dum, India _bHis Master 's Voice _c1964 |
||
| 300 |
_a1 sound disc [GramphoneRecording]: _banalog,33.1/3 rpm _c9.5 in.(MP) _fGramphones Records |
||
| 500 | _aBrief Record | ||
| 505 | _aSide1 देखा है सपना कोई (Dekha hai sapna koi) (Lata Mangeshkar) Side-2 आ गए कृष्ण मुरारी (Aa gaye Krishna Murari) (Lata Mangeshkar) | ||
| 650 |
_xExperts _zIndia _917446 _aMotion picture music |
||
| 700 |
_aDesai, Vasant _918760 |
||
| 700 |
_aBakshi, Anand _918871 |
||
| 942 |
_2ddc _cGR |
||
| 999 |
_c44612 _d44612 |
||